La cultura del Renacimiento en Italia / (Record no. 192056)

MARC details
000 -LEADER
campo de control de longitud fija 01118nam a2200313 i 4500
001 - NÚMERO DE CONTROL
campo de control 192056
003 - IDENTIFICADOR DE NÚMERO DE CONTROL
campo de control ES-MaACL
005 - FECHA Y HORA DE LA ÚLTIMA TRANSACCIÓN
campo de control 20240126063029.0
008 - DATOS DE LONGITUD FIJA--INFORMACIÓN GENERAL
campo de control de longitud fija 221102s1997 sp 001 1 spa
017 ## - NÚMERO DE COPYRIGHT O DE DEPÓSITO LEGAL
Número de copyright o de depósito legal M 4790-1997
Agencia que asigna Oficina Depósito Legal Madrid
020 ## - NÚMERO INTERNACIONAL ESTÁNDAR DEL LIBRO
Número Internacional Estándar del Libro 8471668157
040 ## - FUENTE DE CATALOGACIÓN
Centro/agencia transcriptor ES-MaACL
080 ## - NÚMERO DE LA CLASIFICACIÓN DECIMAL UNIVERSAL
Número de la Clasificación Decimal Universal 930.85(45)"14/15"
100 1# - ENTRADA PRINCIPAL--NOMBRE DE PERSONA
Nombre de persona Burckhardt, Jacob,
Fechas asociadas al nombre 1818-1897
Término indicativo de función/relación Autor
9 (RLIN) 32584
245 13 - MENCIÓN DEL TÍTULO
Título La cultura del Renacimiento en Italia /
Mención de responsabilidad, etc. Jacob Burckhardt ; [traducción directa por Ramón de la Serna y Espina].
260 ## - PUBLICACIÓN, DISTRIBUCIÓN, ETC.
Lugar de publicación, distribución, etc. Madrid :
Nombre del editor, distribuidor, etc. Edaf,
Fecha de publicación, distribución, etc. [1997]
300 ## - DESCRIPCIÓN FÍSICA
Extensión 456 páginas ;
Dimensiones 18 cm.
490 1# - MENCIÓN DE SERIE
Mención de serie Biblioteca Edaf ;
Designación de volumen o secuencia 146
500 ## - NOTA GENERAL
Nota general Índices
504 ## - NOTA DE BIBLIOGRAFÍA, ETC.
Nota de bibliografía, etc. Referencias bibliográficas
650 #4 - PUNTO DE ACCESO ADICIONAL DE MATERIA--TÉRMINO DE MATERIA
Término de materia o nombre geográfico como elemento de entrada Renacimiento-
Subdivisión geográfica Italia.
9 (RLIN) 16844
700 1# - ENTRADA AGREGADA--NOMBRE PERSONAL
Nombre de persona Serna y Espina, Ramón de la.
9 (RLIN) 105587
Término indicativo de función/relación Traductor
830 1# - PUNTO DE ACCESO ADICIONAL DE SERIE-TÍTULO UNIFORME
Título uniforme Biblioteca Edaf ;
Designación de volumen o secuencia 146
9 (RLIN) 179778
852 4# - LOCALIZACIÓN
Ubicación ES-MaACL
Número de control de estantería N-8099
Sublocalización o colección R. 152307
Ubicación en estantería Depósito J
Donativo/Legado Donación: José Lázaro García
itemnumber 199338
903 ## - NOMBRE PERSONAL DE DONANTE
9 234219
a Lázaro García, José
e Donante
942 ## - ELEMENTOS DE ENTRADA SECUNDARIOS (KOHA)
Tipo de ítem Koha Libro impreso
Suprimir en OPAC No
Holdings
Estatus retirado Estado de pérdida Fuente del sistema de clasificación o colocación Estado de daño No para préstamo Biblioteca de origen Biblioteca actual Ubicación en estantería Fecha de adquisición Fuente de adquisición Total de préstamos Signatura topográfica completa Código de barras Visto por última vez Tipo de ítem Koha
    Clasificación decimal universal     Biblioteca del Ateneo de Madrid Biblioteca del Ateneo de Madrid Sala Pecera Depósito 2 02/11/2022 Donación   N-8099 101206382 23/02/2023 Libro impreso